000 00571nam a2200217Ia 4500
003 OSt
005 20220925174958.0
006 a|||||r|||| 00| 0
007 ta
008 220923b |||||||| |||| 00| 0 eng d
037 _cGeneral Book
040 _aRTL
_cRTL
_beng
041 _2eng
_aeng
082 _aX.41.N7, L5
100 _aRobinson Joan
245 0 _aEconomic Management in China
260 _aCambridge
_bAnglo-Chinese
_c1975
300 _a46p.
_ccm.
942 _hX.41.N7, L5
_cGB
_2CC
999 _c492326
_d492326